000 01013nam a2200253 a 4500
001 000040572
005 20240502094959.0
008 130902s2012 sp 000 0 spa d
020 _a9788446031796
040 _aDO-SdBNP
_bspa
_cBNPHU
100 1 _aCastro, Fidel
_d 1926-2016
_916971
240 1 0 _aTítulo original : Fidel Castro. The declarations of Havana.
_lespañol
245 1 0 _aLas declaraciones de la Habana /
_cFidel Castro ; introducción a cargo de Tariq Ali ; traducción de la introducción, notas y cronología de Carlos Prieto del Campo.
246 1 4 _aTariq Ali presenta a Fidel castro : Las declaraciones de la Habana
260 _aMadrid :
_bAkal,
_c2012.
300 _a157 p. ;
_c18 cm.
490 1 _aAkal Revoluciones ;
_v7
504 _aBibliografía :
504 _aIncluye referencias bibliográficas y notas al pie de las páginas
500 _aIncluye índice
700 1 _aAli, Tariq
_966900
700 1 _aPrieto Campo, Carlos
_etr.
_966901
830 0 _aAkal Revoluciones
_n7
_966902
999 _c40062
_d40062